000 00430nam a22001697a 4500
003 NUST - PNEC
005 20170116181147.0
008 151013b xxu||||| |||| 00| 0 eng d
020 _a9693505484
040 _cLIBRARY
082 _a891.4393 SHA
100 _915099
_aShahab, Qudratullah
245 _aYa Khuda (Urdu)
_cQudratullah Shahaab
260 _c1997
650 _915100
_aUrdu Literature
_xGeneral
942 _2ddc
_cBK
999 _c70760
_d70760